Ehsas e Darun (Record no. 1038201)

MARC details
000 -LEADER
fixed length control field 00738nam a2200277Ia 4500
003 - CONTROL NUMBER IDENTIFIER
control field OSt
005 - DATE AND TIME OF LATEST TRANSACTION
control field 20221005120500.0
008 - FIXED-LENGTH DATA ELEMENTS--GENERAL INFORMATION
fixed length control field 221004b |||||||| |||| 00| 0 urd d
020 ## - INTERNATIONAL STANDARD BOOK NUMBER
International Standard Book Number 9789350733752
037 ## - SOURCE OF ACQUISITION
Terms of availability Textual
040 ## - CATALOGING SOURCE
Original cataloging agency CRL
Transcribing agency CRL
Language of cataloging urd
041 ## - LANGUAGE CODE
Source of code urd
Language code of text/sound track or separate title urd
100 ## - MAIN ENTRY--PERSONAL NAME
Personal name Usha Piplani Cheeni
9 (RLIN) 629212
245 #0 - TITLE STATEMENT
Title Ehsas e Darun
260 ## - PUBLICATION, DISTRIBUTION, ETC.
Date of publication, distribution, etc. 2014
300 ## - PHYSICAL DESCRIPTION
Extent 111p.
Dimensions cm.
650 ## - SUBJECT ADDED ENTRY--TOPICAL TERM
Topical term or geographic name entry element HINDI LITERATURE
9 (RLIN) 23866
650 ## - SUBJECT ADDED ENTRY--TOPICAL TERM
Topical term or geographic name entry element URDU LITERATURE
700 ## - ADDED ENTRY--PERSONAL NAME
Personal name Shahnawaz Ahmad
9 (RLIN) 629213
942 ## - ADDED ENTRY ELEMENTS (KOHA)
Classification part O168,1N37x, 152Q4
Koha item type Textual
Source of classification or shelving scheme
Holdings
Withdrawn status Lost status Damaged status Not for loan Home library Current library Date acquired Total Checkouts Full call number Barcode Date last seen Price effective from Koha item type
        Central Library Central Library 2022-10-05   O168,1N37x 152Q4 CL1516294 2022-10-05 2022-10-05 Textual
Copyright @ Delhi University Library System